| 000 | 00606nam a2200193 a 4500 | ||
|---|---|---|---|
| 001 | BRCA_1695 | ||
| 005 | 20190320203519.0 | ||
| 008 | 930407s1991 mx-a---##b---#000-0#spa-# | ||
| 020 | _a9686623035 | ||
| 040 |
_aDLC _cDLC _dDLC |
||
| 050 | 4 |
_aF1391.O3 _b.H43 1991 |
|
| 245 | 1 | 0 | _aHechizo de Oaxaca. |
| 260 |
_aMonterrey, México _bMuseo de Arte Contemporáneo de Monterrey _c1991 |
||
| 300 |
_a430 p. _bil. (algunas a color) _c31 cm. |
||
| 504 | _aBibliografia: p. 425-430 | ||
| 650 | 1 | 4 |
_aArte mexicano _vExposiciones _zMéxico _93390 |
| 650 | 1 | 4 |
_aArte indígena _vExposiciones _zMéxico _92095 |
| 942 |
_2lcc _cB |
||
| 999 |
_c1486 _d1486 |
||